000 00329 a2200145 4500
001 181755
020 _a
040 _cMagnum
100 _a-
240 1 0 _aHistoria geral da arte/artes decorativas 1
_lpor
245 1 0 _aHistoria geral da arte/artes decorativas 1
362 0 _a1899
697 _aMAGNITO: ARTES
942 _cBK
999 _c181755
_d181755